000 00273nam a2200121Ia 4500
008 190216s9999||||xx |||||||||||||| ||und||
100 _aDewett K K
245 0 _aModern Economic Theory
260 _bS Chand & Co
_c1982
300 _a741p
650 _aEconomics
942 _cBK
999 _c9237
_d9237